000
00300nam a2200121Ia 4500
008
190216s9999||||xx |||||||||||||| ||und||
100
_a
Saksena Sp
245
0
_a
Indian Autobiographies
260
_b
Oxford University Press
_c
1978
300
_a
143p
650
_a
Indian Autobiographies
942
_c
REF
999
_c
35357
_d
35357